000 01525nam a2200337 a 4500
003 DO-SdBNP
005 20240502121958.0
007 ta
008 221107e2022 dr ad||er|||| 101 e spa d
020 _a9789945927474
040 _aDO-SdBNP
_bspa
_cBNPHU
082 4 _a305.42
_bM671d 2020
_222
245 0 0 _aMiradas desencadenantes :
_bconstrucción de conocimientos para la igualdad /
_ccompilación, Fátima Lorenzo, Desiree del Rosario, Ramona Guillén; editor, Berenice Pacheco Salazar
260 _aSanto Domingo :
_bINTEC,
_c2022
300 _a465 p. ;
_c23 cm.
490 0 _aMiradas desencadenantes ;
_v5
500 _aIncluye bibliografía al final de los capítulos
500 _aEl V volumen de la colección Miradas desencadenantes, corresponde a la compilación de los artículos presentados en las X Conferencia de Estudios de Género realizada en el año 2020
590 _aInventariado 2022 / MF
650 0 _a Igualdad
_vRepública Dominicana
_912328
650 4 _937714
_aFeminismo
_zRepública Dominicana
650 4 _978238
_aMujeres en República Dominicana
650 4 _98256
_aMujeres
_zRepública Dominicana
_xCondiciones sociales
_vCongresos, conferencias, etc.
700 1 _aLorenzo, Fátima
_ecomp.
_982750
700 1 _965456
_aRosario, Desiree del
_ecomp.
700 1 _aGuillén, Ramona
_ecomp.
_982751
700 1 _aPacheco Salazar, Berenice
_eed.
_982752
710 2 _aInstituto Tecnológico de Santo Domingo
_978911
910 _aMFeliz/Validado. Control de calidad MFF
942 _2ddc
_cLBS1
999 _c52824
_d52824